000 00277nam a2200121Ia 4500
005 20251222144833.0
008 251222s9999||||xx |||||||||||||| ||spa||
020 _a84-8130-140-X
082 _a828.5/D44
100 _a"Defoe, Daniel"
245 0 _aRobinson Crusoe
942 _cLIB
999 _c20935
_d20935